Essentials of genomic and personalized medicine (Record no. 63837)
[ view plain ]
| 000 -LEADER | |
|---|---|
| fixed length control field | 00908nam a2200193 a 4500 |
| 008 - FIXED-LENGTH DATA ELEMENTS--GENERAL INFORMATION | |
| fixed length control field | 130731s2010 ||||||||||||||||| || u |
| 020 ## - INTERNATIONAL STANDARD BOOK NUMBER | |
| International Standard Book Number | 9780123749345 |
| 050 ## - LIBRARY OF CONGRESS CALL NUMBER | |
| Classification number | RB 155 Ess |
| 100 ## - MAIN ENTRY--PERSONAL NAME | |
| Personal name | Willard, Huntington F |
| 245 10 - TITLE STATEMENT | |
| Title | Essentials of genomic and personalized medicine |
| Statement of responsibility, etc. | edited by Geoffrey S. Ginsburg and Huntington F. Willard |
| 260 ## - PUBLICATION, DISTRIBUTION, ETC. | |
| Place of publication, distribution, etc. | Amsterdam |
| Name of publisher, distributor, etc. | Elsevier |
| Date of publication, distribution, etc. | 2010 |
| 300 ## - PHYSICAL DESCRIPTION | |
| Extent | xx, 830p.: ill. |
| 650 #0 - SUBJECT ADDED ENTRY--TOPICAL TERM | |
| Topical term or geographic name entry element | MEDICAL GENETICS |
| 650 ## - SUBJECT ADDED ENTRY--TOPICAL TERM | |
| Topical term or geographic name entry element | GENETICS, MEDICAL--METHODS |
| 650 ## - SUBJECT ADDED ENTRY--TOPICAL TERM | |
| Topical term or geographic name entry element | PROTEOMICS--METHODS |
| 700 ## - ADDED ENTRY--PERSONAL NAME | |
| Personal name | Ginsburg, Geoffrey S |
| 995 ## - | |
| -- | MEDICAL LIBRARY OPEN ACCESS |
| -- | 903589 |
| -- | CBU-SCHOOL OF MEDICINE LIBRARY (Ndola) |
| -- | RB 155 Ess |
| -- | 2 |
| -- | AVAILABLE |
| -- | Feb 17, 2016 |
| -- | 903589 |
| -- | Medical Library Open Access Collection |
| 995 ## - | |
| -- | MEDICAL LIBRARY OPEN ACCESS |
| -- | 902107 |
| -- | CBU-SCHOOL OF MEDICINE LIBRARY (Ndola) |
| -- | RB 155 Ess |
| -- | 1 |
| -- | AVAILABLE |
| -- | Aug 20, 2013 |
| -- | 902107 |
| -- | Medical Library Open Access Collection |
| 999 ## - | |
| -- | 63837 |
| -- | 63837 |
| Withdrawn status | Lost status | Source of classification or shelving scheme | Damaged status | Not for loan | Permanent Location | Current Location | Shelving location | Date acquired | Total Checkouts | Full call number | Barcode | Date last seen | Copy number | Price effective from | Koha item type |
|---|---|---|---|---|---|---|---|---|---|---|---|---|---|---|---|
| CBU-SCHOOL OF MEDICINE LIBRARY, NDOLA. | CBU-SCHOOL OF MEDICINE LIBRARY, NDOLA. | 02/01/2023 | RB 155 Ess | 903589 | 02/01/2023 | 1 | 02/01/2023 | MONOGRAPH | |||||||
| CBU-SCHOOL OF MEDICINE LIBRARY, NDOLA. | CBU-SCHOOL OF MEDICINE LIBRARY, NDOLA. | 02/01/2023 | RB 155 Ess | 902107 | 02/01/2023 | 2 | 02/01/2023 | MONOGRAPH |